000
00265nam a2200097Ia 4500
001
639978
005
20250826153438.0
008
250824s9999 xx 000 0 und d
245
0
_a
ALIŞVERİŞKOLİK VE ABLASI/S KINSELLA/ARTEMİS
_c
SOPHIE KINSELLA
260
_b
ARTEMİS
999
_c
639978
_d
639978